Ridna t︠s︡erkva.

Saved in:
Bibliographic Details
Corporate Author: Ukraïnsʹka avtokefalʹna pravoslavna t︠s︡erkva. Ivano-Frankivsʹka i︠e︡parkhii︠a︡.
Format: Journal
Language:Ukrainian
Published: Ivano-Frankivsʹk : Ivano-Frankivsʹka I︠E︡parkhii︠a︡ Ukraïnsʹkoï Avtokefalʹoï Pravoslovnoï T︠S︡erkvy, 2002-
Subjects:
Tags: Add Tag
No Tags, Be the first to tag this record!
LEADER 00749nas a2200193 a 4500
001 008996170-6
005 20061211105906.0
008 021202d200u200uun uu p 0||| 0ukrod
035 0 |a ocn234345708 
043 |a e-un--- 
245 0 0 |a Ridna t︠s︡erkva. 
260 |a Ivano-Frankivsʹk :  |b Ivano-Frankivsʹka I︠E︡parkhii︠a︡ Ukraïnsʹkoï Avtokefalʹoï Pravoslovnoï T︠S︡erkvy,  |c 2002- 
300 |a v. :  |b ill. ;  |c 29 cm. 
362 1 |a Ceased publication. 
500 |a Description based on: 2002, no 3; title from cover. 
610 2 0 |a Ukraïnsʹka avtokefalʹna pravoslavna t︠s︡erkva  |v Periodicals. 
710 2 |a Ukraïnsʹka avtokefalʹna pravoslavna t︠s︡erkva.  |b Ivano-Frankivsʹka i︠e︡parkhii︠a︡. 
988 |a 20021202 
906 |0 MH